El yo anotado (Record no. 661)
[ view plain ]
| 000 -LEADER | |
|---|---|
| campo de control de longitud fija | 00448nam a22001457a 4500 |
| 008 - DATOS DE LONGITUD FIJA--INFORMACIÓN GENERAL | |
| campo de control de longitud fija | 150605b xxu||||| |||| 00| 0 eng d |
| 020 ## - NÚMERO INTERNACIONAL ESTÁNDAR DEL LIBRO | |
| Número Internacional Estándar del Libro | 9806017609 |
| 082 ## - NÚMERO DE LA CLASIFICACIÓN DECIMAL DEWEY | |
| Número de clasificación | 708 |
| Número de ítem | D946y |
| 100 ## - ENTRADA PRINCIPAL--NOMBRE DE PERSONA | |
| Nombre de persona | Duque, Luis Angel; Cucher Sammy |
| 9 (RLIN) | 2970 |
| 245 ## - MENCIÓN DEL TÍTULO | |
| Título | El yo anotado |
| Mención de responsabilidad, etc. | Cucher, Sammy |
| 246 ## - FORMA VARIANTE DEL TITULO | |
| Título propio/Titulo breve | The annotated self |
| 300 ## - DESCRIPCIÓN FÍSICA | |
| Extensión | 36 p. |
| Otras características físicas | ill. |
| Dimensiones | 14x19 cm |
| 650 ## - PUNTO DE ACCESO ADICIONAL DE MATERIA--TÉRMINO DE MATERIA | |
| Subdivisión general | Cucher, Sammy-Exhibiciones |
| -- | Arte moderno |
| 9 (RLIN) | 2971 |
| 700 ## - ENTRADA AGREGADA--NOMBRE PERSONAL | |
| Nombre de persona | Luis Angel Duque; Sammy Cucher |
| 9 (RLIN) | 2972 |
| Estatus retirado | Estado de pérdida | Fuente del sistema de clasificación o colocación | Estado de daño | No para préstamo | Biblioteca de origen | Biblioteca actual | Ubicación en estantería | Fecha de adquisición | Total de préstamos | Signatura topográfica completa | Código de barras | Visto por última vez | Precio de reemplazo | Tipo de ítem Koha |
|---|---|---|---|---|---|---|---|---|---|---|---|---|---|---|
| Clasificación Decimal Dewey | Biblioteca LadoV | Biblioteca LadoV | 05/06/2015 | 708 D946y | 000708 | 05/06/2015 | 05/06/2015 | Material 01 |
